|
|
|
|
| LEADER |
01960nam a2200493 i 4500 |
| 001 |
nkc20182994432 |
| 003 |
CZ PrNK |
| 005 |
20190319105552.0 |
| 007 |
ta |
| 008 |
180426s2018 xr a e c 000 0dcze |
| 020 |
|
|
|a 978-80-87516-44-7
|q (brožováno)
|
| 040 |
|
|
|a OLA001
|b cze
|d ABA001
|e rda
|
| 043 |
|
|
|a e-xr---
|
| 045 |
|
|
|a x-y-
|
| 072 |
|
7 |
|a 75
|x Malířství
|2 Konspekt
|9 21
|
| 080 |
|
|
|a 75(437.3)
|2 MRF
|
| 080 |
|
|
|a 75.036/.038
|2 MRF
|
| 080 |
|
|
|a (437.3)
|2 MRF
|
| 080 |
|
|
|a (083.824)
|2 MRF
|
| 100 |
1 |
|
|a Holec, Jan,
|d 1933-
|7 xx0007276
|4 art
|
| 245 |
1 |
0 |
|a Jan Holec (1933) :
|b k výstavě konané v Blatském muzeu v Soběslavi 5.5.-17.6.2018 /
|c text: Jan Holec ml.
|
| 264 |
|
1 |
|a V Táboře :
|b Husitské muzeum,
|c 2018
|
| 300 |
|
|
|a 36 nečíslovaných stran :
|b ilustrace (převážně barevné) ;
|c 20 cm +
|e seznam vystavených děl (1 nečíslovaný list)
|
| 336 |
|
|
|a text
|b txt
|2 rdacontent
|
| 336 |
|
|
|a statický obraz
|b sti
|2 rdacontent
|
| 337 |
|
|
|a bez média
|b n
|2 rdamedia
|
| 338 |
|
|
|a svazek
|b nc
|2 rdacarrier
|
| 490 |
1 |
|
|a Katalogy Blatského muzea v Soběslavi a Veselí n. L. ;
|v svazek 5
|
| 600 |
1 |
7 |
|a Holec, Jan,
|d 1933-
|7 xx0007276
|2 czenas
|
| 648 |
|
7 |
|a 20.-21. století
|7 ch462155
|2 czenas
|
| 650 |
0 |
7 |
|a české malířství
|7 ph116864
|y 20.-21. století
|2 czenas
|
| 650 |
0 |
7 |
|a moderní malířství
|7 ph122940
|z Česko
|2 czenas
|
| 650 |
0 |
9 |
|a Czech painting
|y 20th-21st centuries
|2 eczenas
|
| 650 |
0 |
9 |
|a modern painting
|z Czechia
|2 eczenas
|
| 655 |
|
7 |
|a katalogy výstav
|7 fd132536
|2 czenas
|
| 655 |
|
9 |
|a exhibition catalogs
|2 eczenas
|
| 700 |
1 |
|
|a Holec, Jan
|4 aut
|
| 710 |
2 |
|
|a Blatské muzeum (Soběslav a Veselí nad Lužnicí, Česko)
|7 ko2008435072
|4 orm
|
| 830 |
|
0 |
|a Katalogy Blatského muzea v Soběslavi a Veselí n. L.
|0 s
|
| 910 |
2 |
|
|a BOA001
|b 1-1423.317
|
| 990 |
|
|
|a BK
|
| 995 |
|
|
|a 11
|
| 991 |
|
|
|b 201902
|c NOV
|
| 996 |
6 |
|
|b 2610772049
|c 1-1423.317
|l MZK
|r Sklad / do 1 hodiny
|n 0
|p p.v.
|w 001709274
|u 000010
|a 1
|e BOA001
|j MZK50
|s P
|